| 000 | 00320cam a22001217a 4500 | ||
|---|---|---|---|
| 008 | 180718b1967 xxu||||| |||| 00| 0 eng d | ||
| 082 | _aB232 B651 | ||
| 100 | _aBose, Atindranath | ||
| 245 |
_aHistory of anarchism _cby Atindranath Bose |
||
| 260 |
_aCalcutta _bWorld Press _c1967 |
||
| 300 | _a424p. | ||
| 650 | _aAnarchism. | ||
| 999 |
_c360561 _d360561 |
||